The charm school mystery / (Record no. 11051)
[ view plain ]
| 000 -LEADER | |
|---|---|
| fixed length control field | 01144cam a22003377a 4500 |
| 001 - CONTROL NUMBER | |
| control field | 3493875 |
| 003 - CONTROL NUMBER IDENTIFIER | |
| control field | PILC |
| 005 - DATE AND TIME OF LATEST TRANSACTION | |
| control field | 20160623170945.0 |
| 008 - FIXED-LENGTH DATA ELEMENTS--GENERAL INFORMATION | |
| fixed length control field | 940418s1992 nyu 000 0 eng |
| 010 ## - LIBRARY OF CONGRESS CONTROL NUMBER | |
| LC control number | 94146866 |
| 020 ## - INTERNATIONAL STANDARD BOOK NUMBER | |
| International Standard Book Number | 0553480502 (pbk.) : |
| Terms of availability | $3.25 |
| 040 ## - CATALOGING SOURCE | |
| Original cataloging agency | DLC |
| Transcribing agency | DLC |
| Modifying agency | DLC |
| 050 ## - LIBRARY OF CONGRESS CALL NUMBER | |
| Classification number | PZ 7 |
| Item number | .K26n64 1992 |
| 082 ## - DEWEY DECIMAL CLASSIFICATION NUMBER | |
| Classification number | FIC |
| Item number | Su9sv #64 |
| 100 1# - MAIN ENTRY--PERSONAL NAME | |
| Personal name | Suzanne, Jamie. |
| 9 (RLIN) | 4455 |
| 245 14 - TITLE STATEMENT | |
| Title | The charm school mystery / |
| Statement of responsibility, etc | written by Jamie Suzanne ; created by Francine Pascal. |
| 260 ## - PUBLICATION, DISTRIBUTION, ETC. (IMPRINT) | |
| Place of publication, distribution, etc | New York : |
| Name of publisher, distributor, etc | Bantam, |
| Date of publication, distribution, etc | 1992. |
| 300 ## - PHYSICAL DESCRIPTION | |
| Extent | 138 p. ; |
| Dimensions | 20 cm. |
| 440 ## - SERIES STATEMENT/ADDED ENTRY--TITLE | |
| Title | Sweet Valley twins and friends |
| Number of part/section of a work | #64 |
| 9 (RLIN) | 18734 |
| 500 ## - GENERAL NOTE | |
| General note | "A Bantam Skylark Book." |
| 500 ## - GENERAL NOTE | |
| General note | Source: Copyright deposit, Oct. 21, 1992. |
| Institution to which field applies | DLC |
| 650 ## - SUBJECT ADDED ENTRY--TOPICAL TERM | |
| Topical term or geographic name as entry element | Fiction |
| 9 (RLIN) | 746 |
| 700 1# - ADDED ENTRY--PERSONAL NAME | |
| Personal name | Pascal, Francine. |
| 9 (RLIN) | 3767 |
| 710 2# - ADDED ENTRY--CORPORATE NAME | |
| Corporate name or jurisdiction name as entry element | Bantam Books (Firm) |
| 9 (RLIN) | 4379 |
| 710 2# - ADDED ENTRY--CORPORATE NAME | |
| Corporate name or jurisdiction name as entry element | Copyright Paperback Collection (Library of Congress) |
| Institution to which field applies | DLC |
| 9 (RLIN) | 705 |
| 856 42 - ELECTRONIC LOCATION AND ACCESS | |
| Materials specified | Publisher description |
| Uniform Resource Identifier | <a href="http://www.loc.gov/catdir/description/random0413/94146866.html">http://www.loc.gov/catdir/description/random0413/94146866.html</a> |
| 906 ## - LOCAL DATA ELEMENT F, LDF (RLIN) | |
| a | 7 |
| b | cbc |
| c | orignew |
| d | u |
| e | ncip |
| f | 19 |
| g | y-gencatlg |
| 942 ## - ADDED ENTRY ELEMENTS (KOHA) | |
| Source of classification or shelving scheme | Library of Congress Classification |
| Koha item type | Books |
| Withdrawn status | Lost status | Source of classification or shelving scheme | Damaged status | Home library | Current library | Shelving location | Date acquired | Source of acquisition | Total Checkouts | Full call number | Barcode | Date last seen | Copy number | Price effective from | Koha item type | Sub Shelving location |
|---|---|---|---|---|---|---|---|---|---|---|---|---|---|---|---|---|
| Library of Congress Classification | Luxembourg Library | Luxembourg Library | Kids Fiction Section | 09/12/2013 | Donation | PZ 7 .K26n64 1992 | 9946 | 06/15/2015 | 1 | 09/12/2013 | Books | |||||
| Library of Congress Classification | Luxembourg Library | Luxembourg Library | Fiction Section | 01/13/2016 | Donation | PZ 7 .K26n64 1992 | 10271 | 01/13/2016 | 01/13/2016 | Books |